|
|
|
|
| LEADER |
03254nam a2200745 a 4500 |
| 001 |
nkc20112179039 |
| 003 |
CZ PrNK |
| 005 |
20151124064304.0 |
| 007 |
ta |
| 008 |
110329s2011 xr ach f 001 0 cze |
| 015 |
|
|
|a cnb002179039
|
| 020 |
|
|
|a 978-80-254-9647-3
|q (v knize neuvedeno :
|q váz.)
|
| 035 |
|
|
|a (OCoLC)730408515
|
| 040 |
|
|
|a BOA001
|b cze
|d ABA001
|
| 043 |
|
|
|a e-xr---
|
| 045 |
|
|
|a r-y1
|
| 072 |
|
7 |
|a 09
|x Rukopisy, prvotisky, staré tisky. Vzácná a pozoruhodná díla
|2 Konspekt
|9 12
|
| 080 |
|
|
|a 342.95:352
|2 MRF
|
| 080 |
|
|
|a 342.95:353.1
|2 MRF
|
| 080 |
|
|
|a 091"04/14"
|2 MRF
|
| 080 |
|
|
|a 091(=162.3)
|2 MRF
|
| 080 |
|
|
|a 091(=124)
|2 MRF
|
| 080 |
|
|
|a 091(=112.2)
|2 MRF
|
| 080 |
|
|
|a 091.2
|2 MRF
|
| 080 |
|
|
|a 091.07
|2 MRF
|
| 080 |
|
|
|a 002.2:004
|2 MRF
|
| 080 |
|
|
|a (437.3)
|2 MRF
|
| 080 |
|
|
|a (048.8)
|2 MRF
|
| 100 |
1 |
|
|a Hofman, Jiří
|7 pna2008456503
|4 aut
|
| 245 |
1 |
0 |
|a Faksimile Knihy zemského, městského a jiného práva :
|b doprovodná publikace k faksimile rukopisu uloženého v Archivu hl. m. Prahy pod signaturou Sb. rkp. 1864 /
|c Jiří Hofman, Tomáš Žilinčár
|
| 250 |
|
|
|a Vyd. 1.
|
| 260 |
|
|
|a Praha :
|b Tempus Libri,
|c 2011
|
| 300 |
|
|
|a 116 s. :
|b il. (převážně barev.), portréty, faksim. ;
|c 25 cm
|
| 500 |
|
|
|a 250 výt.
|
| 504 |
|
|
|a Obsahuje bibliografii, bibliografické odkazy a rejstřík
|
| 630 |
0 |
7 |
|a Kniha zemského, městského a jiného práva
|7 unn2011640518
|2 czenas
|
| 648 |
|
7 |
|a 14.-15. století
|7 ch460617
|2 czenas
|
| 648 |
|
7 |
|a 2001-2010
|7 ch460588
|2 czenas
|
| 650 |
0 |
7 |
|a městské právo
|7 ph123109
|z Česko
|y 14.-15. století
|2 czenas
|
| 650 |
0 |
7 |
|a zemské právo
|7 ph637314
|z Česko
|y 14.-15. století
|2 czenas
|
| 650 |
0 |
7 |
|a středověké rukopisy
|7 ph116322
|z Česko
|y 14.-15. století
|2 czenas
|
| 650 |
0 |
7 |
|a české rukopisy
|7 ph128150
|y 14.-15. století
|2 czenas
|
| 650 |
0 |
7 |
|a latinské rukopisy
|7 ph115101
|z Česko
|y 14.-15. století
|2 czenas
|
| 650 |
0 |
7 |
|a německé rukopisy
|7 ph123519
|z Česko
|y 14.-15. století
|2 czenas
|
| 650 |
0 |
7 |
|a pergamenové rukopisy
|7 ph115714
|z Česko
|y 14.-15. století
|2 czenas
|
| 650 |
0 |
7 |
|a faksimile
|7 ph503062
|z Česko
|y 2001-2010
|2 czenas
|
| 650 |
0 |
7 |
|a digitalizace dokumentů
|7 ph135871
|z Česko
|y 2001-2010
|2 czenas
|
| 650 |
0 |
9 |
|a city rights
|z Czechia
|y 14th-15th centuries
|2 eczenas
|
| 650 |
0 |
9 |
|a municipal law
|z Czechia
|y 14th-15th centuries
|2 eczenas
|
| 650 |
0 |
9 |
|a medieval manuscripts
|z Czechia
|y 14th-15th centuries
|2 eczenas
|
| 650 |
0 |
9 |
|a Czech manuscripts
|y 14th-15th centuries
|2 eczenas
|
| 650 |
0 |
9 |
|a Latin manuscripts
|z Czechia
|y 14th-15th centuries
|2 eczenas
|
| 650 |
0 |
9 |
|a German manuscripts
|z Czechia
|y 14th-15th centuries
|2 eczenas
|
| 650 |
0 |
9 |
|a parchment manuscripts
|z Czechia
|y 14th-15th centuries
|2 eczenas
|
| 650 |
0 |
9 |
|a facsimiles
|z Czechia
|y 2001-2010
|2 eczenas
|
| 650 |
0 |
9 |
|a digitization of documents
|z Czechia
|y 2001-2010
|2 eczenas
|
| 655 |
|
7 |
|a monografie
|7 fd132842
|2 czenas
|
| 655 |
|
9 |
|a monographs
|2 eczenas
|
| 700 |
1 |
|
|a Žilinčár, Tomáš,
|d 1972-
|7 mzk2012684497
|4 aut
|
| 787 |
0 |
|
|t Kniha zemského, městského a jiného práva
|
| 910 |
2 |
|
|a BOA001
|b 2-1264.855
|
| 990 |
|
|
|a BK
|
| 995 |
|
|
|a 01
|
| 991 |
|
|
|b 201105
|c NOV
|e n
|
| 996 |
6 |
|
|b 2610476214
|c 2-1264.855
|l MZK
|r Sklad / do 1 hodiny
|n 2
|p p.v.
|w 001176050
|u 000010
|a 1
|e BOA001
|j MZK50
|s P
|